Lanean...

തെരഞ്ഞെടുത്ത കഥകൾ

Xehetasun bibliografikoak
Egile nagusia: അശ്രഫ് ആഡൂർ
Formatua: Printed Book
Argitaratua: Errnakulam Saikatham Books 2013
Gaiak:
LEADER 00529nam a22001457a 4500
020 |a 9789382757948 
082 |a 894.812 3  |b ASH/T 
100 |a  അശ്രഫ് ആഡൂർ  
245 |a തെരഞ്ഞെടുത്ത കഥകൾ  
260 |a Errnakulam  |b Saikatham Books  |c 2013 
300 |a 128p. 
650 |a Malayalam-Stories 
942 |c BK 
999 |c 32815  |d 32815 
952 |0 0  |1 0  |4 0  |6 894_812000000000000_3_ASHT  |7 0  |8 Stack  |9 34717  |a KUCL  |b KUCL  |c Stack  |d 2015-06-10  |l 1  |o 894.812 3 ASH/T  |p G 1484  |r 2016-01-08  |s 2015-12-23  |w 2015-06-10  |y BK